<?xml version="1.0" encoding="UTF-8"?>
<record
    xmlns:xsi="http://www.w3.org/2001/XMLSchema-instance"
    xsi:schemaLocation="http://www.loc.gov/MARC21/slim http://www.loc.gov/standards/marcxml/schema/MARC21slim.xsd"
    xmlns="http://www.loc.gov/MARC21/slim">

  <leader>01204nam a2200289 a 4500</leader>
  <controlfield tag="005">20180803170336.0</controlfield>
  <controlfield tag="008">161019s2008    ck ad|||r|||| 00| 0 spa d</controlfield>
  <datafield tag="020" ind1=" " ind2=" ">
    <subfield code="a">9789586601245</subfield>
  </datafield>
  <datafield tag="040" ind1=" " ind2=" ">
    <subfield code="a">CO-BoIAVH </subfield>
    <subfield code="c">CO-BoIAVH </subfield>
  </datafield>
  <datafield tag="041" ind1="0" ind2=" ">
    <subfield code="a">spa</subfield>
  </datafield>
  <datafield tag="044" ind1=" " ind2=" ">
    <subfield code="a">ck</subfield>
  </datafield>
  <datafield tag="082" ind1="0" ind2="4">
    <subfield code="a">333.7071</subfield>
    <subfield code="b">D27e</subfield>
  </datafield>
  <datafield tag="100" ind1="1" ind2=" ">
    <subfield code="a">Daza P&#xE9;rez, Erika Patricia</subfield>
    <subfield code="e">autora</subfield>
  </datafield>
  <datafield tag="245" ind1="1" ind2="0">
    <subfield code="a">Exploremos nuestro entorno con Tiplero, el lagarto / </subfield>
    <subfield code="c">Erika Patricia Daza P&#xE9;rez, Gloria Leonor Guti&#xE9;rrez G&#xF3;mez y Fabian Ramiro Machuca G&#xF3;mez</subfield>
  </datafield>
  <datafield tag="260" ind1=" " ind2=" ">
    <subfield code="a">Tunja, Colombia : </subfield>
    <subfield code="b">Uptc,</subfield>
    <subfield code="c">2008.</subfield>
  </datafield>
  <datafield tag="300" ind1=" " ind2=" ">
    <subfield code="a">56 p&#xE1;ginas : </subfield>
    <subfield code="b">ilustraciones a color ; </subfield>
    <subfield code="c">26 x 20 cm.</subfield>
  </datafield>
  <datafield tag="490" ind1="0" ind2=" ">
    <subfield code="a">Colecci&#xF3;n investigaci&#xF3;n Uptc: no. </subfield>
    <subfield code="v">14</subfield>
    <subfield code="a">Serie cartillas: no.</subfield>
    <subfield code="v">1</subfield>
  </datafield>
  <datafield tag="504" ind1=" " ind2=" ">
    <subfield code="a">Incluye referencias bibliogr&#xE1;ficas.</subfield>
  </datafield>
  <datafield tag="650" ind1="2" ind2="6">
    <subfield code="a">Reptiles</subfield>
  </datafield>
  <datafield tag="650" ind1="2" ind2="4">
    <subfield code="a">Lagartos</subfield>
  </datafield>
  <datafield tag="650" ind1="2" ind2="6">
    <subfield code="a">Ciencias biol&#xF3;gicas</subfield>
    <subfield code="x">ense&#xF1;anza</subfield>
  </datafield>
  <datafield tag="650" ind1="2" ind2="6">
    <subfield code="a">Educaci&#xF3;n ambiental</subfield>
    <subfield code="x">ense&#xF1;anza</subfield>
  </datafield>
  <datafield tag="700" ind1="1" ind2=" ">
    <subfield code="a">Guti&#xE9;rrez G&#xF3;mez, Gloria Leonor</subfield>
    <subfield code="e">autora</subfield>
  </datafield>
  <datafield tag="700" ind1="1" ind2=" ">
    <subfield code="a">Machuca G&#xF3;mez, Fabian Ramiro</subfield>
    <subfield code="e">autor</subfield>
  </datafield>
  <datafield tag="710" ind1="2" ind2=" ">
    <subfield code="a">Universidad Pedag&#xF3;gica y Tecnol&#xF3;gica de Colombia</subfield>
    <subfield code="b">Universidad Pedag&#xF3;gica y Tecnol&#xF3;gica de Colombia</subfield>
  </datafield>
  <datafield tag="942" ind1=" " ind2=" ">
    <subfield code="2">ddc</subfield>
    <subfield code="c">LIBRO</subfield>
  </datafield>
  <datafield tag="999" ind1=" " ind2=" ">
    <subfield code="c">19097</subfield>
    <subfield code="d">19097</subfield>
  </datafield>
  <datafield tag="952" ind1=" " ind2=" ">
    <subfield code="0">0</subfield>
    <subfield code="1">0</subfield>
    <subfield code="2">ddc</subfield>
    <subfield code="4">0</subfield>
    <subfield code="7">0</subfield>
    <subfield code="8">GENERAL</subfield>
    <subfield code="I">INV2017</subfield>
    <subfield code="a">Bogota</subfield>
    <subfield code="b">Bogota</subfield>
    <subfield code="d">2016-10-19</subfield>
    <subfield code="e">Instituto</subfield>
    <subfield code="g">39000.00</subfield>
    <subfield code="l">0</subfield>
    <subfield code="o">LB-333.7071 D27e</subfield>
    <subfield code="p">040780</subfield>
    <subfield code="r">2016-10-19 00:00:00</subfield>
    <subfield code="t">Ej. 1</subfield>
    <subfield code="w">2016-10-19</subfield>
    <subfield code="x">Donacion</subfield>
    <subfield code="y">LIBRO</subfield>
  </datafield>
</record>
